000 00871nam a2200265Ia 4500
005 20230707104717.0
008 210716s1994 xx 000 0 und d
020 _a8170292808
040 _cAIMIT LIBRARY
041 _aeng
082 _a511.3
_21
_bWILR
100 _aWilton, Rex.
_9125892
245 _aMathematics for computer students /
_cBy Rex Wilton
250 _a1st ed.
260 _aNew Delhi :
_bBPB Publications ,
_c1994.
300 _axv,351p. ;
_bPB :
_c21.5 cm
650 _aIntroduction to Modelling
_9125893
650 _aConstructing Models
_9125894
650 _aNumber Systems
_9125895
650 _aGraphs, Functions and inequalities
_9125896
650 _aMatrices and Graphics
_9125897
650 _aNumerical and Algebraic Methods
_9125898
650 _aApplied two-state logic and Switching
_9125899
942 _2ddc
_cBK
_e1st
_k511.3 WILR
999 _c184064
_d184064